Neskrotná

Bibliographic Details
Corporate Author: Disney Pixar (Author)
Format: Book
Language:Slovak
English
PhysicalDescription:31 s. ilustr. 21 cm
Published: Praha Egmont ČR 2012
ISBN:9788025221839
Edition:1. vyd.
Series:Disney. Pixar
Subjects:

MARC

LEADER 00000nam a2200000 a 4500
001 vtls010443169
003 SK-MaSNL
005 20260301085506.0
008 200104s2012 xr a b 000 j slo
015 |a SNBZSA2017/09 
020 |a 9788025221839  |q (viazané) 
035 |a urn:nbn:sk:snk-am00cyt7 
035 |a urn:nbn:sk:snk-am3hft5 
035 |a D2EFF4F1-8D54-448E-A33A-DCB64E0665DB 
040 |a SNK  |b slo  |c SNK  |e AACR2 
041 1 |a slo  |h eng 
044 |a xr  |c CZ 
072 7 |a 821-93  |x Literatúra pre deti a mládež (beletria)  |2 konspekt 
080 |a 821.111(73)-34  |2 2011 
080 |a 82-93-053.2  |2 2011 
110 1 |a Disney  |b Pixar  |4 aut  |9 198885 
240 1 0 |a Brave  |l Slovensky 
245 1 0 |a Neskrotná  |c Disney Pixar 
250 |a 1. vyd. 
260 |a Praha  |b Egmont ČR  |c 2012 
300 |a 31 s.  |b ilustr.  |c 21 cm 
490 1 |a Disney. Pixar 
655 7 |a American fairy tales  |2 SNKPHeng  |9 311017 
655 7 |a Children's literature  |2 SNKPHeng  |9 276039 
655 7 |a americké rozprávky  |2 SNKPH  |9 82283 
655 7 |a publikácie pre deti  |2 SNKPH  |9 70148 
830 0 |a Disney. Pixar  |9 361078 
919 |a 978-80-252-2183-9 
958 |a ZS 
958 |a NB 
999 |c 665921  |d 667851 
952 |a SNK  |b SNK  |y PREZ  |7 0  |p 17A1269907  |o snkSC 175739  |i snk2017/17852  |8 4  |g 5.59  |0 0  |1 0  |4 0  |d 2017-06-20  |f 1  |l 0  |r 2025-09-17 00:00:00  |w 2026-02-23